000 00695nam a2200289Ia 4500
005 20260324144459.0
008 008 260324s9999 xx 000 0 eng d
020 _a9781003362722
037 _aEBOOK
040 _aCRL
040 _beng
040 _cCRL
041 _2eng
041 _aeng
084 _qCRL
100 _aNigel G. Fielding
_91219479
245 0 _aJoining Forces
245 0 _bPolice Training, Socialization and Occupational Competence
260 _bTaylor and Francis
260 _c1988
365 _a
365 _b145
856 _uhttp://www.taylorfrancis.com/books/9781003362722
942 _cEBOOK
999 _c1826142
_d1826142